000
00322nam a2200133Ia 4500
005
20251222144751.0
008
251222s9999||||xx |||||||||||||| ||spa||
020
_a
84-7151-543-1
082
_a
301/A97
100
_a
Azcona, Jesús
245
0
_a
Para comprender la Antropología:
264
_b
Verbo Divino
942
_c
LIB
999
_c
19350
_d
19350